000 00569nam a2200133Ia 4500
008 171212s9999 xx 000 0 und d
020 _a9781921862007
100 _aParolin, Christina
245 _cParolin, Christina
_aRadical Spaces
_bVenues of popular politics in London, 1790-c. 1845
260 _bANU E Press
_c2010
650 _aHistory
650 _aRadicalism -- Great Britain -- 18th century; Great Britain -- Politics and government -- 18th century; Great Britain -- Social life and customs -- 18th century
856 _uwww.jstor.org/stable/10.2307/j.ctt24hdhz
999 _c351285
_d351285